000 00632nam a2200181Ia 4500
008 090630s9999 xx 000 0 und d
082 _b18308
100 _aकेळकर अरुण.
245 _aइच्छापत्र का व कसे ?.
_cकेळकर अरुण.
260 _bऔदुंबर - मुंबई.
_c2000
300 _a67
600 _aकेळकर अरुण.
630 _aइच्छापत्र का व कसे ?.
655 _aइतर.
700 _aकेळकर अरुण.
730 _aइच्छापत्र का व कसे ?.
942 _cBOOK
999 _c270164
_d270164